Hullámzó kereslet, rugalmas megoldások - A balatoni szolgáltatók üzleti stratégiái a szezonalitás hatásainak mérséklésére
| Szerző: | |
|---|---|
| További közreműködők: | |
| Dokumentumtípus: | Diplomadolgozat |
| Kulcsszavak: | Balaton indexrendszer szállodaipar szezonalitás turizmus |
| Online Access: | http://dolgozattar.uni-bge.hu/60006 |
MARC
| LEADER | 00000nta a2200000 i 4500 | ||
|---|---|---|---|
| 001 | dolg60006 | ||
| 005 | 20260409145849.0 | ||
| 008 | 260409suuuu hu om 000 hun d | ||
| 040 | |a BGE Dolgozattár Repozitórium |b hun | ||
| 041 | |a hu | ||
| 100 | 1 | |a Lövei Leila Döníz | |
| 245 | 1 | 0 | |a Hullámzó kereslet, rugalmas megoldások - A balatoni szolgáltatók üzleti stratégiái a szezonalitás hatásainak mérséklésére |c Lövei Leila Döníz |h [elektronikus dokumentum] |
| 520 | 3 | |a Dolgozatom középpontjában a turizmusban megjelenő szezonalitás balatoni sajátosságainak vizsgálata áll, különös tekintettel Balatonfüredre és a térség 4-5 csillagos szállodáira. Kutatásom célja annak feltárása volt, hogy a szezonális keresletingadozások miként befolyásolják ezen szállodák üzleti stratégiáit, szolgáltatásminőségét, valamint hogyan próbálják mérsékelni a szezonalitásból adódó kihívásokat.A vizsgálatom többek között szakirodalmi áttekintésre és primer adatgyűjtésre – interjúkra, fókuszcsoportos felmérésekre, valamint statisztikai adatok elemzésére – épült. Az eredmények alapján megállapítható, hogy a vizsgált szállodák tudatos marketingtevékenységgel, szezonon kívüli csomagajánlatokkal, rendezvényturizmus ösztönzésével és egyedi élményelemek beépítésével reagálnak a szezonális ingadozásokra. Mindezek a stratégiák hozzájárulnak a vendégélmény folyamatos fejlesztéséhez, a versenyképesség fenntartásához, valamint a Balaton régió turizmusának hosszú távú fenntarthatóságához.A dolgozat eredményei hasznos támpontot nyújthatnak a jövőbeli stratégiai tervezéshez és a szezonalitás hatásainak csökkentésére irányuló kezdeményezésekhez. | |
| 695 | |a Balaton | ||
| 695 | |a indexrendszer | ||
| 695 | |a szállodaipar | ||
| 695 | |a szezonalitás | ||
| 695 | |a turizmus | ||
| 700 | 1 | |a Hinek Mátyás |e ths | |
| 856 | 4 | 0 | |u http://dolgozattar.uni-bge.hu/60006/1/Hull%C3%A1mz%C3%B3%20regeslet%2C%20rugalmas%20megold%C3%A1sok%20-%20A%20balatoni%20szolg%C3%A1ltat%C3%B3k%20%C3%BCzleti%20strat%C3%A9gi%C3%A1i%20a%20szezonalit%C3%A1s%20hat%C3%A1sainak%20m%C3%A9rs%C3%A9kl%C3%A9s%C3%A9re.pdf |z Dokumentum-elérés |
| 856 | 4 | 0 | |u http://dolgozattar.uni-bge.hu/60006/2/titkos%C3%ADt%C3%A1si%20k%C3%A9relem_L%C3%B6vei.pdf |z Dokumentum-elérés |
| 856 | 4 | 0 | |u http://dolgozattar.uni-bge.hu/60006/3/L%C3%B6vei%20Leila%20D%C3%B6n%C3%ADz%20b%C3%ADr%C3%A1lat%20MG.pdf |z Dokumentum-elérés |
| 856 | 4 | 0 | |u http://dolgozattar.uni-bge.hu/60006/4/B%C3%ADr%C3%A1lati%20lap_L%C3%B6vei%20Leila_HM.pdf |z Dokumentum-elérés |